El arte de la narrativa en la Biblia

Salvato in:
Dettagli Bibliografici
Autore principale: Bar-Efrat, Shimon (autor)
Natura: Libro
Lingua:spagnolo
Pubblicazione: Madrid, España: Ediciones Cristiandad, 2003
Serie:Colección Sagrada Escritura
Soggetti:
Tags: Aggiungi Tag
Nessun Tag, puoi essere il primo ad aggiungerne!!

MARC

LEADER 00000nam a2200000 a 4500
001 UCK2209
003 CL-VaPUC
005 20220420170251.0
008 041223e20030000SP |||||||||||||||||spa|d
999 |c 311828  |d 311826 
020 |a 8470574477 
040 |c Pontificia Universidad Católica de Valparaíso 
082 0 4 |a 220.66 BAR 2003  |2 21 
100 0 |a Bar-Efrat, Shimon  |e autor  |9 490038 
245 1 3 |a El arte de la narrativa en la Biblia 
260 |a Madrid, España:  |b Ediciones Cristiandad,  |c 2003 
300 |a 380 páginas 
490 0 |a Colección Sagrada Escritura 
500 |a C2. Donación Padre Cristian Eichin. Correo en papel 28/03/2022 
583 |a last modification  |c 20041223 00:00:00  |k Rodrigo Vera 
650 0 |a Textos sagrados   |9 257605  |x Narrativa  
650 0 |a Exégesis   |9 365279 
650 0 |a Biblia  |x Narrativa  |9 868673 
942 |c BK  |2 ddc 
945 |d 20041223 00:00:00  |a cmena 
952 |0 0  |1 0  |4 0  |6 220_660000000000000_BAR_2003  |7 0  |8 A  |9 381494  |a BIBTEO  |b BIBTEO  |d 2019-11-21  |i 4088824  |o 220.66 BAR 2003  |p 4088824  |r 2025-01-17  |w 2019-11-21  |y BK  |k ICR 
952 |0 0  |1 0  |2 ddc  |4 0  |6 220_660000000000000_BAR_2003  |7 0  |8 A  |9 582710  |a BIBTEO  |b BIBTEO  |c GEN  |d 2022-04-20  |e Donación  |i 5650873  |o 220.66 BAR 2003  |p 5650873  |r 2025-01-17  |t 2  |w 2022-04-20  |y BK  |k ICR